000 02874cam a22002895a 4500
001 16219329
005 20151017091711.0
008 100504s2011 fluaf b 001 0 eng
020 _a9781439801413 (hardback : alk. paper)
020 _a143980141X (hardback : alk. paper)
040 _aDNLM/DLC
_beng
_cDLC
_dYDX
_dBTCTA
_dYDXCP
_dNLM
_dCDX
_dIG#
_dDLC
_dEG-ScBUE
082 0 4 _a610.28
_bNAN
_222
245 0 0 _aNanotechnology in tissue engineering and regenerative medicine /
_cedited by Ketul Popat.
260 _aBoca Raton :
_bCRC Press / Taylor & Francis Group,
_cc.2011.
300 _a1 v. (various pagings) :
_bill. (some col.) ;
_c26 cm.
504 _aIncludes bibliographical references and index.
505 8 _a(Publisher-supplied data) AFM Lithography on Biomimetic Surfaces Albena Ivanisevic -- Nanofiber-Based Integrative Repair of Orthopaedic Soft Tissues Helen H. Lu, -- Polycaprolactone nanowires for controlling cell behavior at the biointerface Sarah L. Tao -- Electrospun Nanofibers for Neural Applications Treene Livingston Arinzeh -- Mixed Monolayer System of Mercaptobenzoic Acid and Polyethylene Glycol for pH Sensing: Surface-Enhanced Raman Scattering Studies Sandra Whaley Bishnoi -- Nano-enabled Platforms for Metastatic Malignant Melanoma Sadhana Sharma -- Immune Response to Implanted Nanostructured Materials Kristy M. Ainslie -- Enhanced Cell Growth, Function, and Differentiation by TiO2 Nanotube Surface Structuring S. Jin -- Electrospun Pseudo Poly (Amino Acids) for Tissue Engineering Applications Yang H. Yun -- Nanotechnologies for Peripheral Nerve Regeneration Dr. Xiaojun Yu, Ph.D. -- Nano-scale control of cell-substrate adhesion Tanmay P. Lele -- Nanofibrous Materials for Vascular Tissue Engineering and Regeneration Wei Tan -- Engineering Soft Nanostructures for Guided Cell Response Matt J. Kipper -- Nanoparticles-incorporated scaffolds for tissue engineering applications Kytai Truong Nguyen.
520 _a"Referred to as "nanomedicine" or "nanobiomedicine," the application of nanotechnology to medicine can impact diagnosis, monitoring, and treatment of diseases as well as control and understanding of biological systems. Bringing together an unparalleled field of experts, this volume explores various aspects of nanotechnology and its applications in biomedical fields. The book uses an application-based approach to relate laboratory-based research to the development of technologies that can be readily adaptable to an industrial environment, focusing chiefly on drug delivery, tissue engineering, and regenerative medicine"--Provided by publisher.
650 7 _aNanomedicine.
_2BUEsh
_94192
650 0 _aTissue engineering.
_2BUEsh
650 0 _aRegenerative medicine.
_2BUEsh
651 _2BUEsh
653 _bPPhrm
_cOctober2015
655 _vReading book
_934232
700 1 _aPopat, Ketul,
_eeditor.
942 _2ddc
999 _c20925
_d20897